[Event "CZE-ch U12"]
[Site "Herlikovice"]
[Date "2021.10.25"]
[Round "3"]
[White "Jun, Rostislav"]
[Black "Stibor, Ondrej"]
[Result "1-0"]
[WhiteElo "1295"]
[BlackElo "1119"]
[PlyCount "75"]
[EventDate "2021.10.23"]
[EventType "swiss"]
[EventRounds "9"]
[EventCountry "CZE"]
[SourceTitle "EXT 2023"]
[Source "ChessBase"]
[SourceDate "2022.10.05"]
[SourceVersion "1"]
[SourceVersionDate "2022.10.05"]
[SourceQuality "1"]

1. e4 e6 2. d4 d5 3. e5 c5 4. c3 Nc6 5. Nf3 Qb6 6. b3 Nge7 7. Bb2 Nf5 8. Be2 Be7 9. 0-0 f6 10. Re1 Bd7 11. Qd3 cxd4 12. cxd4 Nb4 13. Qd2 Rc8 14. Rc1 0-0 15. a3 Nc6 16. b4 a6 17. Bc3 Be8 18. Rd1 Bh5 19. h3 Bxf3 20. Bxf3 fxe5 21. dxe5 Nh4 22. Bg4 Nd8 23. Bd4 Qb5 24. Nc3 Qe8 25. Nxd5 Rc6 26. Nxe7+ Qxe7 27. Bc5 Rxc5 28. bxc5 Qxc5 29. Qd4 Qc6 30. f3 Qc2 31. Rd2 Qg6 32. Qe4 Qg5 33. f4 Rxf4 34. Rxd8+ Kf7 35. Rd7+ Ke8 36. Qxb7 Rc4 37. Rad1 Nf3+ 38. Bxf3 1-0